000
00334nam a22001457a 4500
008
221019b ||||| |||| 00| 0 eng d
020
_a
0721629482
041
_a
eng
080
_2
SECOND EDITION
_a
61
082
_a
61 WIL
100
_a
5
101
_a
MJEK
245
_a
EXERCISE IN HEALTH AND DISEASE
_c
WILMORE P
942
_2
udc
_c
BK
999
_c
58608
_d
58608